International social science journal

Enregistré dans:
Détails bibliographiques
Format: Publication en série
Langue:anglais
Publié: Geneva UNESCO
Tags: Ajouter un tag
Pas de tags, Soyez le premier à ajouter un tag!

MARC

LEADER 00000nas1a22000001 4500
001 s120798
005 20230403100909.3
041 0 |a eng 
044 |a CH 
245 1 0 |a International social science journal 
264 1 |a Geneva  |b UNESCO